00451nam a2200193Ia 4500003000400000005001700004008004100021020001500062040000700077041001200084082001900096100001800115245003400133260003400167300000800201365001200209650002200221650001400243OSt20250730180415.0210423s1992 xx 000 0 und d a9163970053 cAL aEnglish a307.772 bJAYT aEdwin Jayadas aTribals in our global village aBangalorebPan Book Ltdc1992 a148 b95cINR aRural Communities aSociology